Hodnota statku kolektivní spotřeby

Kritická analýza vnímania kolektívneho statku v mainstreamovej ekonomickej teórii štátnych intervencií reprezentovaných neoklasickou ekonomickou teóriou a moderným neoliberalizmom a teoretický pohľad na opodstatnenosť verejného financovania a produkcie kolektívnych statkov, opierajúcich sa o výsledk...

Descrizione completa

Salvato in:
Dettagli Bibliografici
Autore principale: Mikušová Meričková, Beáta
Natura: Capitolo di libro
Lingua:ceco
Soggetti:
Tags: Aggiungi Tag
Nessun Tag, puoi essere il primo ad aggiungerne!!

MARC

LEADER 00000naa a2200000 4500
001 0185652
005 20231207125526.6
041 0 |a cze 
044 |a CZ 
245 1 0 |a Hodnota statku kolektivní spotřeby  |c Beáta Mikušová Meričková 
520 |a Kritická analýza vnímania kolektívneho statku v mainstreamovej ekonomickej teórii štátnych intervencií reprezentovaných neoklasickou ekonomickou teóriou a moderným neoliberalizmom a teoretický pohľad na opodstatnenosť verejného financovania a produkcie kolektívnych statkov, opierajúcich sa o výsledky vlastného ekonomického experimentu overujúceho platnosť teórie čierneho pasažiera ako základného argumentu štátu v tejto oblasti. 
610 2 0 |a spotreba 
610 2 0 |a neoliberalizmus 
610 2 0 |a statky verejné 
610 2 0 |a teórie ekonomické 
610 2 0 |a experimenty 
100 1 |a Mikušová Meričková, Beáta